EU Country Shapes - Statistics

General Stats
  • This quiz has been taken 25 times
  • The average score is 20 of 27
Answer Stats
Picture Answer % Correct
Italy
100%
France
96%
Austria
91%
Greece
91%
Portugal
91%
Spain
91%
Croatia
87%
Denmark
83%
Germany
83%
Ireland
83%
Cyprus
78%
Finland
78%
Sweden
78%
Czech Republic
74%
Hungary
74%
Latvia
74%
Poland
74%
Slovakia
74%
Luxembourg
65%
Netherlands
65%
Romania
65%
Bulgaria
61%
Lithuania
61%
Malta
57%
Belgium
52%
Estonia
52%
Slovenia
48%
No matching quizzes found
Score Distribution
Percent of People with Each Score
Percentile by Number Answered
Your Score History
You have not taken this quiz